| 000 | 00000nam 2200000zi 4500 |
| 001 | 9.928899 |
| 003 | CaOODSP |
| 005 | 20250206125415 |
| 006 | m o d f |
| 007 | cr |n||||||||| |
| 008 | 231016s2021 oncda o f000 0 fre d |
| 040 | |aCaOODSP|bfre|erda|cCaOODSP |
| 043 | |an-cn--- |
| 086 | 1 |aA104-445/2021F-PDF |
| 245 | 00|aÉvaluation du programme de certification des exportations. |
| 264 | 1|a[Ottawa] : |bAgence canadienne d'inspection des aliments = Canadian Food Inspection Agency, |c[2021] |
| 300 | |a1 ressource en ligne (1 pages) : |bgraphiques, illustrations |
| 336 | |atexte|btxt|2rdacontent/fre |
| 337 | |ainformatique|bc|2rdamedia/fre |
| 338 | |aressource en ligne|bcr|2rdacarrier/fre |
| 500 | |aPublié aussi en anglais sous le titre : Evaluation of the export certification program. |
| 650 | 6|aExportations|xCertification|zCanada. |
| 710 | 2 |aAgence canadienne d'inspection des aliments, |eorganisme de publication. |
| 775 | 08|tEvaluation of the export certification program.|w(CaOODSP)9.928897 |
| 856 | 40|qPDF|s1.66 Mo|uhttps://publications.gc.ca/collections/collection_2023/acia-cfia/A104-445-2021-fra.pdf |
| 856 | 41|qHTML|sS.O.|uhttps://inspection.canada.ca/a-propos-de-l-acia/transparence/rapports-de-gestion/verifications-evaluations-et-revues/evaluation-du-programme-de-certification-des-expor/fra/1607652912304/1607652912634 |